La antropología física
Zapisane w:
| 1. autor: | |
|---|---|
| Format: | Książka |
| Język: | hiszpański |
| Wydane: |
Buenos Aires
EUDEBA
1964
|
| Seria: | Cuadernos de EUDEBA, 124
|
| Hasła przedmiotowe: | |
| Etykiety: |
Dodaj etykietę
Nie ma etykietki, Dołącz pierwszą etykiete!
|
MARC
| LEADER | 00000nam a2200000 a 4500 | ||
|---|---|---|---|
| 001 | UCX1144 | ||
| 003 | CL-VaPUC | ||
| 008 | 900611e19640000AG |||||||||||||||||spa|d | ||
| 082 | 0 | 4 | |a 573.6 |b MOR |2 21 |
| 100 | |a Morel, Pierre |e autor |9 536179 | ||
| 245 | 1 | 3 | |a La antropología física |
| 300 | |a 114 p | ||
| 942 | |c BK | ||
| 945 | |d 19900611 00:00:00 | ||
| 260 | |a Buenos Aires |b EUDEBA |c 1964 | ||
| 650 | 0 | |a Antropología física |9 308323 | |
| 583 | |a last modification |c 19900611 00:00:00 |k Rodrigo Vera | ||
| 490 | 0 | |a Cuadernos de EUDEBA, 124 | |
| 999 | |c 222456 |d 222454 | ||
| 952 | |0 0 |1 0 |4 0 |6 573_600000000000000_MOR_1964 |7 0 |8 A |9 217206 |a BIBHIS |b BIBHIS |d 2019-11-15 |i 2861585 |o 573.6 MOR 1964 |p 2861585 |r 2025-01-20 |w 2019-11-15 |y BK |k HIS | ||
| 952 | |0 0 |1 0 |4 0 |6 573_600000000000000_MOR_1964 |7 0 |8 A |9 217207 |a BIBHIS |b BIBHIS |d 2019-11-15 |i 1361449 |o 573.6 MOR 1964 |p 1361449 |r 2025-01-20 |w 2019-11-15 |y BK |k HIS | ||